Statistics for Graded Stakes Horse Tracks

Click here to take the quiz!

General Stats

  • This quiz has been taken 6 times
  • The average score is 20 of 37

Answer Stats

HintAnswer% Correct
NYBelmont Park
100%
KYChurchill Downs
100%
FLGulfstream
75%
INIndiana Grand
75%
KYKeeneland
75%
CASanta Anita
75%
NYSaratoga
75%
CanadaWoodbine
75%
KYAqueduct
50%
ILArlington Park
50%
WVCharles Town
50%
VAColonial Downs
50%
DEDelaware Park
50%
CADel Mar
50%
WAEmerald Downs
50%
LAFair Grounds
50%
CanadaHastings
50%
KYKentucky Downs
50%
MDLaurel Park
50%
TXLone Star Park
50%
CALos Alamitos
50%
LALouisiana Downs
50%
NJMonmouth Park
50%
WVMountaineer
50%
AKOaklawn Park
50%
PAParx Racing
50%
PAPenn National
50%
MDPimlico
50%
IAPrairie Meadows
50%
OKRemington Park
50%
TXSam Houston
50%
NMSunland Park
50%
FLTampa Bay Downs
50%
OHThistledown
50%
CanadaCentury Mile
25%
CAGolden Gate Fields
25%
PAPresque Isle Downs
25%

Score Distribution

Percentile by Number Answered

Percent of People with Each Score

Your Score History

You have not taken this quiz